| 000 | 00490nam a22001817a 4500 | ||
|---|---|---|---|
| 999 |
_c531927 _d531927 |
||
| 003 | NUST | ||
| 005 | 20191104133408.0 | ||
| 008 | 191104b ||||| |||| 00| 0 eng d | ||
| 020 | _a9788126151783 | ||
| 024 | _a8126151781 | ||
| 038 | _aMSOHAIL | ||
| 082 | _a0 | ||
| 100 |
_aCable George _925102 |
||
| 245 | _aInstrumentation Handbook For Water And Wastewater Treatment Plants | ||
| 260 |
_aIndia _bAnmol Publications Pvt. Ltd _cc2013 |
||
| 300 |
_ap;312 _b27cm _ep.b. |
||
| 942 |
_2ddc _cBK |
||